000 00472nam a2200193Ia 4500
008 240510s9999 xx 000 0 und d
020 _a0001878739263
041 _aEng
082 _a006.7
082 _bS31
100 _aSHADDOCK, P.
245 0 _aMULTIMEDIA CREATIONS : HANDS ON WORKSHOP FOR EXPLORING ANIMATION AND SOUND
260 _bCALIFORNIA : WAITE GROUP
260 _c1992
300 _a430 p.
650 _aMULTIMEDIA
942 _2ddc
942 _cLBK
999 _c26613
_d26613
945 _a1
_bMadushi Gamage
_c1
_dMadushi Gamage